| 000 | 00780nmc a2200289 a 4500 | ||
|---|---|---|---|
| 003 | AR-BaBNM | ||
| 005 | 20251128204136.0 | ||
| 008 | 227019s1991 ||||||||||||||000 | spa|| | ||
| 020 | _a950-40-0064-9 | ||
| 040 | _cAR-BaBNM | ||
| 100 | 1 | _aDuby, Georges | |
| 245 | 1 | 0 | _aEl amor en la Edad Media y otros ensayos |
| 260 |
_aBuenos Aires _bAlianza Editorial _c1991 |
||
| 300 | 0 | _a228 p. | |
| 490 | 0 | _aAlianza Estudio | |
| 504 | _aContiene bibliografía para consultar p. 227-228 | ||
| 600 | 0 | 4 | _aFelipe Augusto |
| 650 | 4 | _aSOCIEDAD | |
| 650 | 4 | _aHISTORIA MEDIEVAL | |
| 650 | 4 | _aVALORES MORALES | |
| 650 | 4 | _aVALORES SOCIALES | |
| 650 | 4 | _aBIENESTAR SOCIAL | |
| 650 | 4 | _aCULTURAS EUROPEAS | |
| 700 | 1 |
_aArtola, Ricardo _etraductor |
|
| 942 | _cBK | ||
| 998 | _cmariana | ||
| 999 |
_c6344 _d6344 |
||